Madonna - Fever - Lyrics - Statistics

General Stats
  • This quiz has been taken 9 times
  • The average score is 268 of 392
Answer Stats
Answer % Correct
fever
100%
Fever
100%
me
100%
to
100%
You
100%
you
100%
a
88%
give
88%
he
88%
He
88%
hold
88%
I
88%
in
88%
kiss
88%
love
88%
When
88%
when
88%
arms
75%
around
75%
care
75%
do
75%
don't
75%
get
75%
hard
75%
him
75%
his
75%
how
75%
know
75%
morning
75%
much
75%
Never
75%
never
75%
put
75%
so
75%
th
75%
That
75%
that's
75%
the
75%
they
75%
tight
75%
way
75%
your
75%
all
63%
And
63%
and
63%
hear
63%
just
63%
my
63%
My
63%
night
63%
No
63%
oh
63%
said
63%
she
63%
She
63%
through
63%
what
63%
What
63%
can
50%
every
50%
gave
50%
gonna
50%
had
50%
have
50%
holds
50%
Listen
50%
one
50%
right
50%
say
50%
take
50%
Take
50%
treat
50%
up
50%
you're
50%
affair
38%
away
38%
baby
38%
bear
38%
burn
38%
call
38%
Cause
38%
daddy
38%
Daddy
38%
dare
38%
eyes
38%
gives
38%
heart
38%
her
38%
I'll
38%
I'm
38%
is
38%
kill
38%
light
38%
lights
38%
lips
38%
loved
38%
lovely
38%
mad
38%
Moon
38%
name
38%
Pocahontas
38%
should
38%
this
38%
very
38%
ago
25%
believe
25%
Bless
25%
daytime
25%
felt
25%
flame
25%
got
25%
if
25%
isn't
25%
Julie
25%
Juliet
25%
kisses
25%
live
25%
long
25%
Misses
25%
new
25%
Romeo
25%
same
25%
soul
25%
started
25%
Sun
25%
tried
25%
use
25%
with
25%
won't
25%
word
25%
Because
13%
Captain
13%
Everybody's
13%
learn
13%
scene
13%
Smith
13%
something
13%
such
13%
them
13%
these
13%
sizzle
0%
until
0%
No matching quizzes found
Score Distribution
Percent of People with Each Score
Percentile by Number Answered
Your Score History
You have not taken this quiz